Psicología de la decisión política /

Uloženo v:
Podrobná bibliografie
Hlavní autor: Eysenck, Hans J. (autor)
Médium: Kniha
Jazyk:španělština
Vydáno: Barcelona, España : Ariel, 1964, c1964
Edice:(Biblioteca de Ciencia Política ; 11)
Témata:
Tagy: Přidat tag
Žádné tagy, Buďte první, kdo vytvoří štítek k tomuto záznamu!

MARC

LEADER 00000nam^a2200000^a^4500
001 000143065
005 20250521000000.0
009 20260526124232.638
037 |a Acervo ITESO - Biblioteca 
041 |a ESP 
082 |a 320. 019  |b EYS 
100 |a Eysenck, Hans J.  |e (autor) 
245 1 0 |a Psicología de la decisión política /  |c H.J. Eysenck ; tr. por J. Romero Maura. 
264 4 |a Barcelona, España :  |b Ariel,  |c 1964, c1964 
300 |a 451 p. 
336 |a texto  |b txt  |2 rdacontenido 
337 |a sin mediación  |b n  |2 rdamedio 
338 |a volumen  |b nc  |2 rdasoporte 
440 1 |a (Biblioteca de Ciencia Política ;  |v 11) 
500 |a Traducción de: The Psychology of Politics 
649 |a XX 
650 |a Toma de Decisiones -  |x Aspectos Psicológicos 
650 |a Participación Política -  |x Aspectos Psicológicos 
650 |a Psicología Política 
650 |a Política 
910 |a Fondo Armando Suárez Gómez 
920 |a Impresos - Libros 
930 |a Fondos Especiales 
905 |a 111 
901 |a 0700002917  |b IT2  |c ESP  |u 20250521 
902 |a https://opac.biblio.iteso.mx/vufind/Record/000143065